Databáza meradiel metrologického laboratória = Metrological laboratory gauges databases : Bakalárska práca

Salvato in:
Dettagli Bibliografici
Autore principale: Hegedüs, Kristián, 1980- (Autore)
Altri autori: Moravčíková, Jana, 1975- (xxx)
Natura: Manoscritto Libro
Lingua:slovacco
Pubblicazione: Trnava : STU v Bratislave MTF UVTE KOM, 2008
Soggetti:
Tags: Aggiungi Tag
Nessun Tag, puoi essere il primo ad aggiungerne!!

MARC

LEADER 00000ntm a22000003a 4500
001 stu171300
005 20160719160015.2
008 081003s2008----xo------------------slo-d
040 |a STU  |b slo 
041 0 |a slo 
044 |a xo 
100 1 |a Hegedüs, Kristián,  |d 1980-  |4 aut  |X 31650  |7 A000031650 
245 1 |a Databáza meradiel metrologického laboratória = Metrological laboratory gauges databases :  |b Bakalárska práca 
260 |a Trnava :  |b STU v Bratislave MTF UVTE KOM,  |c 2008 
300 |a 42 s  |c 1 CD-ROM 
500 |a Odbor: technológie strojárskej výroby 
650 7 |a meradlá  |2 stusub 
700 1 |a Moravčíková, Jana,  |d 1975-  |4 xxx  |u M3000  |U MTF Materiálovotechnologická fakulta  |T MTF Ústav výrobných technológií  |X 1526  |U M3000  |Y 83  |7 A000001526 
996 |b 284M068664  |c M*BP-3315  |l MMSKP  |s P  |a 0  |w stu171300_0001